000 00353nam a2200133Ia 4500
008 240624s9999 xx 000 0 und d
041 _aeng
082 _a338.092273 MAY
100 _aMAYO ANTHONY J
245 _aIN THEIR TIME THE GREATEST BUSINESS LEAD
260 _c2005
_aBoston
_bHarvard Business School Press
300 _a464 : p.
365 _c
_b25
999 _c22753
_d22753